000 00846naa a22002417u 4500
001 17341
003 HDC
007 cr bn ---aaaaa
008 210223t xx 000 0 eng
040 _aHDC
100 _aZul Ramli M. Razali,
_eauthor
_cUstaz
_916797
245 0 _aPENGARUH AURA HALAL DALAM KEHIDUPAN /
_cby Ustaz Zul Ramli M. Razali
260 _a[No place] :
_b[publisher not identified],
_c[no year]
336 _atext
_2rdacontent
337 _acomputer
_2rdamedia
338 _aonline resource
_2rdacarrier
650 _aIslam
_xCustoms and practices
_9691
650 _aIslamic ethics
_9277
856 _zRequest full-text at [email protected]
942 _2lcc
942 _cEIJ
942 _kEMAG 000606
999 _c14657
_d14657